00409nam a2200145Ia 4500008004100000020002100041040002600062082001600088100003800104245004600142250001100188260004300199003000400242005001700246241217s9999||||xx |||||||||||||| ||und|| a9780781727594c0 bengcSSK Libraryerda a616.028/MOR a Patricia Gonce Morton & Et. Al - 0aCritical Care Nursing:A Holistic Approach a8th ed b Lippincott Williams & Wilkinsc©2005OSt20241217112717.0